Influencia de la cal y la arena de río lavada, en las propiedades fisico mecánicas del mortero de pega de bloques de mampostería
Tallennettuna:
| Päätekijä: | |
|---|---|
| Aineistotyyppi: | Kirja |
| Kieli: | Spanish |
| Julkaistu: |
[San José], Costa Rica
2016
|
| Aiheet: | |
| Tagit: |
Lisää tagi
Ei tageja, Lisää ensimmäinen tagi!
|
MARC
| LEADER | 00000nam a22000007a 4500 | ||
|---|---|---|---|
| 003 | 012365 | ||
| 005 | 20221231144106.0 | ||
| 008 | 160530b2016 cr a|||| |||| 00| ||spa d | ||
| 040 | |c cru CEDI | ||
| 090 | |a TFG 7525 | ||
| 100 | |9 4760 |a León Ulate, Yari Maciel | ||
| 245 | |a Influencia de la cal y la arena de río lavada, en las propiedades fisico mecánicas del mortero de pega de bloques de mampostería | ||
| 260 | |a [San José], Costa Rica |c 2016 | ||
| 300 | |a vii,67,[23] hojas;ilustracioens a color.- 28 referencias | ||
| 500 | |a Proyecto de graduación (licenciatura en ingeniería civil)--Universidad de Costa Rica. Facultad de Ingeniería. Escuela de Ingeniería Civil | ||
| 650 | |x SUELOS ARENOSOS |x SEDIMENTOS DE RIO |x PRUEBAS |x ARENA |x CAL |x ARGAMASA |9 4761 | ||
| 942 | |c TFG | ||
| 999 | |c 16773 |d 16773 | ||
